000 00358nam a2200133Ia 4500
008 240624s9999 xx 000 0 und d
041 _aeng
082 _a658.4063 SHE
100 _aSHENK JOSHUA WOLF
245 _aPOWERS OF TWO FINDING THE ESSENCE OF INN
260 _c2014
_aNew Delhi
_bHachette India
300 _axxv, : 339 : p. : cm. ; 23
365 _cRS
999 _c28549
_d28549